| 000 | 00000cam 2200000zi 4500 |
| 001 | 9.952439 |
| 003 | CaOODSP |
| 005 | 20260602104506 |
| 006 | m o d f |
| 007 | cr cn||||||||| |
| 008 | 250617t20252025onc o f000 0 eng d |
| 020 | |a9780660778655 |
| 040 | |aCaOODSP|beng|erda|cCaOODSP |
| 043 | |an-cn--- |
| 086 | 1 |aT94-93/2025E-PDF |
| 245 | 00|aCanada Housing Infrastructure Fund how-to-guide : |bimplementing climate requirements. |
| 246 | 17|aCHIF – how-to-guide: implementing climate requirements |
| 264 | 1|aOttawa, Ontario : |bHousing, Infrastructure and Communities Canada = Logement, Infrastructures et Collectivités Canada, |c2025. |
| 264 | 4|c©2025 |
| 300 | |a1 online resource (13 pages) |
| 336 | |atext|btxt|2rdacontent |
| 337 | |acomputer|bc|2rdamedia |
| 338 | |aonline resource|bcr|2rdacarrier |
| 500 | |aCover title. |
| 500 | |aIssued also in French under title: Fonds canadien pour les infrastructures liées au logement : guide pratique pour mettre en Ĺ“uvre les exigences climatiques. |
| 520 | |a"The Canada Housing Infrastructure Fund (CHIF) will fund important water and solid waste infrastructure to support increased housing demand and population growth across Canada. CHIF investments will also deliver important co-benefits, contributing to Canadian communities being increasingly resilient to future climate conditions and contributing to Canada’s emissions reduction commitments"--Overview, page 4. |
| 650 | 0|aClimate change adaptation|xGovernment policy|zCanada. |
| 650 | 0|aPublic works|xEnvironmental aspects|zCanada. |
| 710 | 1 |aCanada. |bHousing, Infrastructure and Communities Canada, |eissuing body. |
| 775 | 08|tFonds canadien pour les infrastructures liées au logement : |w(CaOODSP)9.952440 |
| 856 | 40|qPDF|s584 KB|uhttps://publications.gc.ca/collections/collection_2026/licc-hicc/T94-93-2025-eng.pdf |
| 856 | 4 |qHTML|sN/A|uhttps://housing-infrastructure.canada.ca/housing-logement/chif-fcil/climate-requirements-guide-exigences-climatiques-eng.html |